[Event "Ptuj op 10"]
[Site "Ptuj"]
[Date "2015.10.25"]
[Round "3"]
[White "Kejzar, Petra"]
[Black "Prelog, Mirko"]
[Result "1-0"]
[WhiteElo "1930"]
[BlackElo "1527"]
[PlyCount "167"]
[EventDate "2015.10.24"]
[EventType "swiss"]
[EventRounds "9"]
[EventCountry "SLO"]
[SourceTitle "CBM 169 Extra"]
[Source "ChessBase"]
[SourceDate "2015.12.18"]
[SourceVersion "1"]
[SourceVersionDate "2015.12.18"]
[SourceQuality "1"]

1. e4 c5 2. Nf3 d6 3. d4 cxd4 4. Qxd4 Nc6 5. Bb5 Bd7 6. Bxc6 Bxc6 7. c4 Nf6 8. Nc3 g6 9. Bg5 Bg7 10. Qe3 Qb6 11. Qe2 h6 12. Be3 Qa6 13. Bd2 Ng4 14. Rc1 b6 15. 0-0 Qb7 16. b3 e6 17. Nb5 Bxb5 18. cxb5 0-0 19. Rc6 Rfd8 20. Rfc1 Rac8 21. Qc4 Rxc6 22. bxc6 Qc7 23. b4 Kh7 24. b5 Bb2 25. Rd1 Ne5 26. Qb3 Nxf3+ 27. Qxf3 Be5 28. Qh3 Rh8 29. g3 Kg7 30. Bb4 a5 31. Ba3 Rd8 32. Bc1 g5 33. Kh1 Bc3 34. f4 Bf6 35. Qg4 Qe7 36. Be3 Rb8 37. e5 dxe5 38. Rd7 Qb4 39. Qf3 Qb1+ 40. Rd1 Qxb5 41. fxg5 Bxg5 42. Bxg5 hxg5 43. c7 Rc8 44. Rc1 Qd5 45. Qg2 Qxg2+ 46. Kxg2 f6 47. h4 g4 48. a4 Kf7 49. Kf2 f5 50. Ke3 Kf6 51. Rc4 Ke7 52. Rc2 Kd6 53. Rd2+ Ke7 54. Rc2 Kf6 55. Rc6 Ke7 56. Rc4 Kf6 57. Kd3 Kg6 58. Rc6 f4 59. Rxe6+ Kf5 60. Re7 Kf6 61. Rh7 fxg3 62. Ke2 Kf5 63. Kf1 e4 64. Kg2 e3 65. Kxg3 Kf6 66. Kg2 Kf5 67. Kf1 g3 68. Rg7 Kf4 69. h5 Kf3 70. h6 g2+ 71. Kg1 e2 72. Rf7+ Kg3 73. Re7 Rxc7 74. Re3+ Kf4 75. Rxe2 Kf3 76. Rf2+ Ke3 77. Kxg2 Rc4 78. Rf3+ Kd2 79. Kg3 Rc7 80. Kg4 Ke2 81. Rb3 Rc4+ 82. Kg3 Rc6 83. h7 Rg6+ 84. Kh2 1-0

[Event "Ptuj op 10"]
[Site "Ptuj"]
[Date "2015.10.24"]
[Round "1"]
[White "Kokol, Peter"]
[Black "Prelog, Mirko"]
[Result "1-0"]
[WhiteElo "2363"]
[BlackElo "1527"]
[PlyCount "71"]
[EventDate "2015.10.24"]
[EventType "swiss"]
[EventRounds "9"]
[EventCountry "SLO"]
[SourceTitle "CBM 169 Extra"]
[Source "ChessBase"]
[SourceDate "2015.12.18"]
[SourceVersion "1"]
[SourceVersionDate "2015.12.18"]
[SourceQuality "1"]

1. e4 c5 2. Nf3 e6 3. c4 Nc6 4. Nc3 d6 5. d4 cxd4 6. Nxd4 a6 7. Be2 g6 8. Be3 Bg7 9. 0-0 Qc7 10. Qd2 Bd7 11. Rfd1 Rd8 12. Rac1 Nf6 13. f3 0-0 14. Nd5 exd5 15. cxd5 Qa5 16. dxc6 Qxd2 17. Rxd2 Rc8 18. Rdc2 bxc6 19. Nxc6 Ra8 20. Na5 Rfe8 21. Nc4 d5 22. Nb6 Rad8 23. Nxd7 Nxd7 24. Bxa6 dxe4 25. fxe4 Rxe4 26. Bf2 Nf6 27. Rc8 Ree8 28. b4 Bh6 29. Rxd8 Bxc1 30. Rxe8+ Nxe8 31. b5 Nc7 32. a4 Bd2 33. Bc8 Nd5 34. b6 Bf4 35. a5 Nb4 36. a6 1-0

[Event "Ptuj op 01"]
[Site "Ptuj"]
[Date "2014.01.25"]
[Round "7"]
[White "Prelog, Mirko"]
[Black "Podkriznik, Aleksander"]
[Result "1-0"]
[WhiteElo "1937"]
[BlackElo "1796"]
[PlyCount "73"]
[EventDate "2014.01.17"]
[EventType "swiss"]
[EventRounds "9"]
[EventCountry "SLO"]
[SourceTitle "EXT 2016"]
[Source "ChessBase"]
[SourceDate "2015.10.08"]
[SourceVersion "1"]
[SourceVersionDate "2015.10.08"]
[SourceQuality "1"]

1. d4 d5 2. c4 c6 3. cxd5 cxd5 4. Nf3 Nf6 5. Nc3 Bg4 6. Ne5 Bc8 7. e3 a6 8. a4 e6 9. Bd2 Bb4 10. Nd3 Bd6 11. b4 0-0 12. Be2 Nc6 13. Qb3 Qe7 14. Rb1 Rd8 15. 0-0 e5 16. dxe5 Nxe5 17. Nxe5 Bxe5 18. f4 Bxc3 19. Qxc3 Bf5 20. Rbe1 Rac8 21. Qe5 Qd7 22. Bc3 Re8 23. Qd4 Qxa4 24. g4 Re4 25. Qd2 Bxg4 26. Bxf6 Bxe2 27. Rxe2 gxf6 28. Rg2+ Kf8 29. Qxd5 Qxb4 30. Qf5 Rc6 31. Rd1 Re8 32. Qxh7 Ke7 33. Rb1 Qc4 34. Rxb7+ Rc7 35. Rc2 Qxc2 36. Qxc2 Rxb7 37. Qe4+ 1-0

[Event "Ptuj op 01"]
[Site "Ptuj"]
[Date "2014.01.17"]
[Round "1"]
[White "Prelog, Mirko"]
[Black "Zajsek, Franc"]
[Result "0-1"]
[WhiteElo "1937"]
[BlackElo "1804"]
[PlyCount "90"]
[EventDate "2014.01.17"]
[EventType "swiss"]
[EventRounds "9"]
[EventCountry "SLO"]
[SourceTitle "EXT 2016"]
[Source "ChessBase"]
[SourceDate "2015.10.08"]
[SourceVersion "1"]
[SourceVersionDate "2015.10.08"]
[SourceQuality "1"]

1. d4 d5 2. c4 e6 3. Nc3 c6 4. cxd5 exd5 5. Nf3 Nf6 6. Bg5 Nbd7 7. e3 Qa5 8. Bxf6 Nxf6 9. Nd2 Bb4 10. Qc2 0-0 11. a3 Bg4 12. Nb3 Bxc3+ 13. bxc3 Qa4 14. Bd3 Rfe8 15. 0-0 b5 16. h3 Bh5 17. Rfe1 Bg6 18. Bxg6 hxg6 19. Re2 Ne4 20. Nc5 Nxc5 21. dxc5 Qc4 22. a4 Qxc5 23. Qb3 Re4 24. axb5 cxb5 25. Ra5 a6 26. Rd2 Rc4 27. Rd4 Rxc3 28. Qxd5 Rc1+ 29. Kh2 Qc7+ 30. f4 Ra7 31. Qd8+ Qxd8 32. Rxd8+ Kh7 33. Rd4 Rc6 34. g4 Rb6 35. h4 b4 36. h5 b3 37. hxg6+ fxg6 38. Ra1 b2 39. Rb1 a5 40. Kg2 a4 41. Rh1+ Kg8 42. Rd8+ Kf7 43. Rhh8 b1Q 44. Rhf8+ Ke6 45. f5+ gxf5 0-1